Statistics for Random Knowledge Quiz #54

Click here to take the quiz!

General Stats

  • This quiz has been taken 69 times
  • The average score is 6 of 15

Answer Stats

QuestionAnswer% Correct
What color is jaune in French, amarillo in Spanish, gul in Swedish and keltainen in Finnish?Yellow
89%
How many kilograms make up a metric tonne?1000
80%
Fill in these lyrics: We don't need no ________ / We don't need no thought controlEducation
56%
What does a monophobe fear?Being alone
49%
Which London landmark was opened to tourism in 1993?Buckingham Palace
49%
Who directed the Lord of the Rings trilogy?Peter Jackson
44%
Who founded the Virgin Group, which includes for example Virgin Atlantic, Virgin Voyages, and Virgin Active?Richard Branson and Nik Powell
44%
What city is often referred to as Venice of the North?Amsterdam
26%
What gas becomes a superfluid when cooled to absolute zero?Helium
25%
Name one of Barbie's little sisters.Skipper, Stacie, or Chelsea
23%
What TV series follows the lives of Logan, Kendall, Roman, Siobhan, and Connor Roy?Succession
23%
What are TAP, SAS, WIZZ, Norra, and LOT?Airlines
20%
In which country can you find the snowiest place on Earth?Japan
20%
Besides Saturday Night Live, which show has won the most Primetime Emmy Awards (as of January 2024)?Game of Thrones
11%
According to legend, how many children did Zeus have?92
7%

Score Distribution

Percentile by Number Answered

Percent of People with Each Score

Your Score History

You have not taken this quiz